<?xml version="1.0" encoding="UTF-8"?>
<record
    xmlns:xsi="http://www.w3.org/2001/XMLSchema-instance"
    xsi:schemaLocation="http://www.loc.gov/MARC21/slim http://www.loc.gov/standards/marcxml/schema/MARC21slim.xsd"
    xmlns="http://www.loc.gov/MARC21/slim">

  <leader>01340nam a2200349 i 4500</leader>
  <controlfield tag="003">DO-SdBNP</controlfield>
  <controlfield tag="005">20250311111518.0</controlfield>
  <controlfield tag="007">ta</controlfield>
  <controlfield tag="008">100322s2019    dr       000 0 spa d</controlfield>
  <datafield tag="020" ind1=" " ind2=" ">
    <subfield code="a">9789945220131</subfield>
  </datafield>
  <datafield tag="020" ind1=" " ind2=" ">
    <subfield code="a">9789945169980 (obra completa)</subfield>
  </datafield>
  <datafield tag="040" ind1=" " ind2=" ">
    <subfield code="a">DO-SdBNP</subfield>
    <subfield code="b">spa</subfield>
    <subfield code="c">BNPHU</subfield>
    <subfield code="e">rda</subfield>
  </datafield>
  <datafield tag="041" ind1=" " ind2=" ">
    <subfield code="a">spa</subfield>
  </datafield>
  <datafield tag="082" ind1=" " ind2="4">
    <subfield code="a">RD865.4408</subfield>
    <subfield code="b">D596d</subfield>
    <subfield code="2">22</subfield>
  </datafield>
  <datafield tag="100" ind1="1" ind2=" ">
    <subfield code="a">Tolentino Dipp, Hugo, </subfield>
    <subfield code="e">autor</subfield>
    <subfield code="4">aut.</subfield>
    <subfield code="9">37920</subfield>
    <subfield code="d">1930-2019</subfield>
  </datafield>
  <datafield tag="245" ind1="1" ind2="0">
    <subfield code="a">Desde la c&#xE1;tedra : </subfield>
    <subfield code="b">mi vida en la UASD /</subfield>
    <subfield code="c">Hugo Tolentino Dipp ; pr&#xF3;logo, Tirso Mej&#xED;a Ricart.</subfield>
  </datafield>
  <datafield tag="250" ind1=" " ind2=" ">
    <subfield code="a">Primera edici&#xF3;n</subfield>
  </datafield>
  <datafield tag="264" ind1=" " ind2="4">
    <subfield code="a">Santo Domingo, Rep&#xFA;blica Dominicana :</subfield>
    <subfield code="b">Editora B&#xFA;ho,</subfield>
    <subfield code="c">&#xA9;2019.</subfield>
  </datafield>
  <datafield tag="300" ind1=" " ind2=" ">
    <subfield code="a">357 p&#xE1;ginas :</subfield>
    <subfield code="c">23 cm.</subfield>
  </datafield>
  <datafield tag="336" ind1=" " ind2=" ">
    <subfield code="a">texto</subfield>
    <subfield code="b">txt</subfield>
    <subfield code="2">rdacontent</subfield>
  </datafield>
  <datafield tag="337" ind1=" " ind2=" ">
    <subfield code="a">sin mediaci&#xF3;n</subfield>
    <subfield code="b">n</subfield>
    <subfield code="2">rdamedia</subfield>
  </datafield>
  <datafield tag="338" ind1=" " ind2=" ">
    <subfield code="a">volumen</subfield>
    <subfield code="b">nc</subfield>
    <subfield code="2">rdacarrier</subfield>
  </datafield>
  <datafield tag="500" ind1=" " ind2=" ">
    <subfield code="a">Incluye datos biogr&#xE1;ficos del autor en las solapas.</subfield>
  </datafield>
  <datafield tag="500" ind1=" " ind2=" ">
    <subfield code="a">Incluye referencias bibliogr&#xE1;ficas y notas al pie de las paginas.</subfield>
  </datafield>
  <datafield tag="590" ind1=" " ind2=" ">
    <subfield code="a">Inventariado, 2021/ YL</subfield>
  </datafield>
  <datafield tag="600" ind1="1" ind2="4">
    <subfield code="a">Tolentino Dipp, Hugo,</subfield>
    <subfield code="d">1930-</subfield>
    <subfield code="v">Ensayos, conferencias, etc.</subfield>
    <subfield code="9">81393</subfield>
  </datafield>
  <datafield tag="650" ind1=" " ind2="4">
    <subfield code="a">Literatura dominicana</subfield>
  </datafield>
  <datafield tag="650" ind1=" " ind2="4">
    <subfield code="a">Ensayos espa&#xF1;oles </subfield>
    <subfield code="9">3095</subfield>
  </datafield>
  <datafield tag="700" ind1="1" ind2=" ">
    <subfield code="a"> Mej&#xED;a-Ricart G., Tirso,</subfield>
    <subfield code="d">1936-2021</subfield>
    <subfield code="q">(Mej&#xED;a-Ricart Guzm&#xE1;n)</subfield>
    <subfield code="e">prologuista</subfield>
    <subfield code="4">pr.</subfield>
    <subfield code="9">1569</subfield>
  </datafield>
  <datafield tag="910" ind1=" " ind2=" ">
    <subfield code="a">YLOCKWARD/Validado.Control de calidad MFF</subfield>
  </datafield>
  <datafield tag="942" ind1=" " ind2=" ">
    <subfield code="2">ddc</subfield>
    <subfield code="c">LBS1</subfield>
  </datafield>
  <datafield tag="952" ind1=" " ind2=" ">
    <subfield code="0">0</subfield>
    <subfield code="1">0</subfield>
    <subfield code="2">ddc</subfield>
    <subfield code="5">3</subfield>
    <subfield code="7">0</subfield>
    <subfield code="8">PD</subfield>
    <subfield code="a">BNPHU</subfield>
    <subfield code="b">BNPHU</subfield>
    <subfield code="c">HD</subfield>
    <subfield code="d">2020-03-05</subfield>
    <subfield code="e">Dep&#xF3;sito Legal </subfield>
    <subfield code="l">0</subfield>
    <subfield code="o">BNPHU PD RD865.4408 D596d</subfield>
    <subfield code="p">2021-1108</subfield>
    <subfield code="r">2021-03-22</subfield>
    <subfield code="w">2021-03-22</subfield>
    <subfield code="y">LBS1</subfield>
  </datafield>
  <datafield tag="952" ind1=" " ind2=" ">
    <subfield code="0">0</subfield>
    <subfield code="1">0</subfield>
    <subfield code="2">ddc</subfield>
    <subfield code="5">3</subfield>
    <subfield code="7">0</subfield>
    <subfield code="8">PD</subfield>
    <subfield code="a">BNPHU</subfield>
    <subfield code="b">BNPHU</subfield>
    <subfield code="c">HD</subfield>
    <subfield code="d">2020-03-05</subfield>
    <subfield code="e">Dep&#xF3;sito Legal </subfield>
    <subfield code="l">0</subfield>
    <subfield code="o">BNPHU PD RD865.4408 D596d</subfield>
    <subfield code="p">2021-1109</subfield>
    <subfield code="r">2021-03-22</subfield>
    <subfield code="t">e. 2</subfield>
    <subfield code="w">2021-03-22</subfield>
    <subfield code="y">LBS1</subfield>
  </datafield>
  <datafield tag="952" ind1=" " ind2=" ">
    <subfield code="0">0</subfield>
    <subfield code="1">0</subfield>
    <subfield code="2">ddc</subfield>
    <subfield code="5">6</subfield>
    <subfield code="7">0</subfield>
    <subfield code="8">DS</subfield>
    <subfield code="a">BNPHU</subfield>
    <subfield code="b">BNPHU</subfield>
    <subfield code="c">HD</subfield>
    <subfield code="d">2020-03-05</subfield>
    <subfield code="e">Dep&#xF3;sito Legal </subfield>
    <subfield code="l">0</subfield>
    <subfield code="o">BNPHU DS RD865.4408  D596d</subfield>
    <subfield code="p">2021-1110</subfield>
    <subfield code="r">2021-03-22</subfield>
    <subfield code="t">e. 3</subfield>
    <subfield code="w">2021-03-22</subfield>
    <subfield code="y">LBS1</subfield>
  </datafield>
  <datafield tag="952" ind1=" " ind2=" ">
    <subfield code="0">0</subfield>
    <subfield code="1">0</subfield>
    <subfield code="2">ddc</subfield>
    <subfield code="5">6</subfield>
    <subfield code="7">0</subfield>
    <subfield code="8">DS</subfield>
    <subfield code="a">BNPHU</subfield>
    <subfield code="b">BNPHU</subfield>
    <subfield code="c">HD</subfield>
    <subfield code="d">2022-03-25</subfield>
    <subfield code="e">Donaci&#xF3;n</subfield>
    <subfield code="l">0</subfield>
    <subfield code="o">BNPHU DS RD865.4408 D596d</subfield>
    <subfield code="p">2022-0989</subfield>
    <subfield code="r">2022-03-25</subfield>
    <subfield code="t">e. 4</subfield>
    <subfield code="w">2022-03-25</subfield>
    <subfield code="y">LBS1</subfield>
  </datafield>
  <datafield tag="952" ind1=" " ind2=" ">
    <subfield code="0">0</subfield>
    <subfield code="1">0</subfield>
    <subfield code="2">ddc</subfield>
    <subfield code="5">6</subfield>
    <subfield code="7">0</subfield>
    <subfield code="8">DS</subfield>
    <subfield code="a">BNPHU</subfield>
    <subfield code="b">BNPHU</subfield>
    <subfield code="c">HD</subfield>
    <subfield code="d">2025-03-11</subfield>
    <subfield code="e">Donado por Micaela Tolentino</subfield>
    <subfield code="l">0</subfield>
    <subfield code="o">BNPHU DS RD865.4408 D596d</subfield>
    <subfield code="p">2025-1664</subfield>
    <subfield code="r">2025-03-11</subfield>
    <subfield code="t">e.5</subfield>
    <subfield code="w">2025-03-11</subfield>
    <subfield code="y">LBS1</subfield>
  </datafield>
  <datafield tag="999" ind1=" " ind2=" ">
    <subfield code="c">49655</subfield>
    <subfield code="d">49655</subfield>
  </datafield>
</record>
